000 00295nam a22001337a 4500
008 171106b xxu||||| |||| 00| 0 eng d
020 _a9780471587446
041 _aeng
080 _a330.722.6
100 _a62
101 _aKON
245 _aFINANCIAL ACCOUNTING
_cWEYGANDT
942 _2udc
_cBK
999 _c37934
_d37934